000
00402nam a22001697a 4500
003
MPLRDC
005
20220104144226.0
008
210129b ||||| |||| 00| 0 eng d
082
_a
411.1 JKBK v.4
100
_a
不详
245
_a
人生百病及中药常识
_c
260
_a
_b
泉源出版社
_c
300
_b
平
490
_a
健康常识百科; 4
650
_a
942
_c
BK
_o
411.1 JKBK v.4
999
_c
47594
_d
47584